Programación en C, C++, Java y UML (Registro nro. 472)

Detalles MARC
000 -CABECERA
campo de control de longitud fija 01842aam a2200625 4500
005 - FECHA Y HORA DE ACTUALIZACIÓN
campo de control 20230711083957.0
008 - LONGITUD FIJA
campo de control de longitud fija 150731b2010 xxu||||| |||| 00| 0 spa d
041 ## - IDIOMA
Código de idioma del texto/pista de sonido o título separado Español
082 ## - CLASIFICACIÓN DECIMAL DEWEY
Número de clasificación 005.133 J88p
100 ## - AUTOR PERSONAL
Nombre de persona Joyanes Aguilar, Luis
100 ## - AUTOR PERSONAL
Nombre de persona Zahonero Martínez, Ignacio
245 ## - TÍTULO PROPIAMENTE DICHO
Título Programación en C, C++, Java y UML
260 ## - PIE DE IMPRENTA
Lugar de publicación, distribución, etc. México
260 ## - PIE DE IMPRENTA
Nombre del editor, distribuidor, etc. McGraw-Hill
260 ## - PIE DE IMPRENTA
Fecha de publicación, distribución, etc. 2010
300 ## - DESCRIPCIÓN FÍSICA
Extensión 930 páginas
650 ## - Materia General
Materia general LENGUAJES DE PROGRAMACIÓN
650 ## - Materia General
Materia general PROGRAMACIÓN EN C
650 ## - Materia General
Materia general C++
650 ## - Materia General
Materia general JAVA
650 ## - Materia General
Materia general METODOLOGÍA DE LA PROGRAMACIÓN
650 ## - Materia General
Materia general OPERADORES
650 ## - Materia General
Materia general ESTRUCTURA DE SELECCIÓN
650 ## - Materia General
Materia general ESTRUCTURAS DE CONTROL
650 ## - Materia General
Materia general FUNCIONES
650 ## - Materia General
Materia general ARREGLOS
650 ## - Materia General
Materia general TABLAS
650 ## - Materia General
Materia general LISTAS
650 ## - Materia General
Materia general RELACIONES ENTRE CLASES
650 ## - Materia General
Materia general ALGORITMOS
650 ## - Materia General
Materia general APUNTADODRES
650 ## - Materia General
Materia general MEMORIA
650 ## - Materia General
Materia general CADENAS
650 ## - Materia General
Materia general ENTRADAS
650 ## - Materia General
Materia general SALIDAS
650 ## - Materia General
Materia general DISEÑO DE CLASES
650 ## - Materia General
Materia general COLECCIONES
650 ## - Materia General
Materia general APPLETS
650 ## - Materia General
Materia general SWING
650 ## - Materia General
Materia general CÓDIGOS DE NUMERACIÓN
650 ## - Materia General
Materia general PROGRAMACIÓN WEB
650 ## - Materia General
Materia general OBJETOS
650 ## - Materia General
Materia general CLASES DERIVADAS
650 ## - Materia General
Materia general PLANTILLAS
650 ## - Materia General
Materia general SOBRECARGA DE OPERADORES
650 ## - Materia General
Materia general PROGRAMACIÓN ORIENTADO A OBJETOS
650 ## - Materia General
Materia general HERENCIA
650 ## - Materia General
Materia general POLIMORFISMO
650 ## - Materia General
Materia general ESTRUCTURA DE DATOS
650 ## - Materia General
Materia general ORGANIZACIÓN DE DATOS
650 ## - Materia General
Materia general PILAS Y COLAS
650 ## - Materia General
Materia general FLUJOS
650 ## - Materia General
Materia general ARCHIVOS
942 ## - Punto de Acceso Adicional Koha
Tipo de ítem Koha Libro
Existencias
Estado perdido Estado dañado No para préstamo Biblioteca permanente Biblioteca actual Signatura completa Código de barras Precio efectivo a partir del Tipo de ítem
      Departamento de Biblioteca y Documentación Alfonso Chase Brenes Departamento de Biblioteca y Documentación Alfonso Chase Brenes 005.133 J88p 17505 05/09/2016 Libro